Statistics for WNBA Teams

Click here to take the quiz!

General Stats

  • This quiz has been taken 1,543 times
  • The average score is 6 of 12

Answer Stats

Answer % Correct
Los Angeles Sparks
81%
Minnesota Lynx
65%
New York Liberty
60%
Phoenix Mercury
52%
Chicago Sky
50%
Connecticut Sun
50%
Atlanta Dream
46%
Seattle Storm
46%
Washington Mystics
41%
Indiana Fever
38%
Tulsa Shock
38%
San Antonio Silver Stars
25%

Score Distribution

Percentile by Number Answered

Percent of People with Each Score

Your Score History

You have not taken this quiz